000 00267nam a22000977a 4500
999 _c521783
_d521783
082 _aTNC So57
100 _aSodhi, Manohar L.
_935997
245 _aForeign Policy And Legislatures
_bAn Anaysis Of Seven Parliaments
260 _aNew Delhi
_bAbhinav
_c1988
300 _a235p.